<?xml version="1.0" encoding="UTF-8"?>
<record
    xmlns:xsi="http://www.w3.org/2001/XMLSchema-instance"
    xsi:schemaLocation="http://www.loc.gov/MARC21/slim http://www.loc.gov/standards/marcxml/schema/MARC21slim.xsd"
    xmlns="http://www.loc.gov/MARC21/slim">

  <leader>02786cam a2200385 ia4500</leader>
  <controlfield tag="003">Ost</controlfield>
  <controlfield tag="005">20251222121316.0</controlfield>
  <controlfield tag="008">250708s1999    su     g i   f010 0 ara c</controlfield>
  <datafield tag="020" ind1=" " ind2=" ">
    <subfield code="a">9960693562 (&#x645;&#x62C;&#x645;&#x648;&#x639;&#x629;)</subfield>
  </datafield>
  <datafield tag="020" ind1=" " ind2=" ">
    <subfield code="a">9960693570 (&#x645;&#x62C;&#x644;&#x62F; 1)</subfield>
  </datafield>
  <datafield tag="020" ind1=" " ind2=" ">
    <subfield code="a">9960693589 (&#x645;&#x62C;&#x644;&#x62F; 2)</subfield>
  </datafield>
  <datafield tag="024" ind1="0" ind2=" ">
    <subfield code="a">00000000831036</subfield>
  </datafield>
  <datafield tag="040" ind1=" " ind2=" ">
    <subfield code="a">AE-DuMBRL</subfield>
    <subfield code="b">ara</subfield>
    <subfield code="c">SA-RiAUC</subfield>
    <subfield code="e">rda</subfield>
  </datafield>
  <datafield tag="043" ind1=" " ind2=" ">
    <subfield code="a">a-su---</subfield>
  </datafield>
  <datafield tag="050" ind1=" " ind2="4">
    <subfield code="b">D37 1999</subfield>
  </datafield>
  <datafield tag="082" ind1="0" ind2="4">
    <subfield code="a">051.09531016</subfield>
    <subfield code="q">SA-RiAUC</subfield>
  </datafield>
  <datafield tag="090" ind1=" " ind2=" ">
    <subfield code="a">051.09531016  </subfield>
    <subfield code="b">&#x62C; &#x627; &#x645;</subfield>
  </datafield>
  <datafield tag="110" ind1="2" ind2=" ">
    <subfield code="a">&#x62C;&#x627;&#x645;&#x639;&#x629; &#x627;&#x644;&#x645;&#x644;&#x643; &#x639;&#x628;&#x62F;&#x627;&#x644;&#x639;&#x632;&#x64A;&#x632;</subfield>
    <subfield code="e">&#x645;&#x624;&#x644;&#x641;.</subfield>
  </datafield>
  <datafield tag="245" ind1="1" ind2="2">
    <subfield code="a">&#x627;&#x644;&#x643;&#x634;&#x627;&#x641; &#x627;&#x644;&#x62A;&#x62D;&#x644;&#x64A;&#x644;&#x64A; &#x644;&#x635;&#x62D;&#x64A;&#x641;&#x629; &#x623;&#x645; &#x627;&#x644;&#x642;&#x631;&#x649; /</subfield>
    <subfield code="c">&#x625;&#x639;&#x62F;&#x627;&#x62F; &#x62D;&#x633;&#x64A;&#x646; &#x628;&#x62F;&#x631;&#x627;&#x646;&#x60C; &#x639;&#x628;&#x627;&#x633; &#x637;&#x627;&#x634;&#x643;&#x646;&#x62F;&#x64A; .</subfield>
  </datafield>
  <datafield tag="264" ind1=" " ind2="1">
    <subfield code="a">&#x62C;&#x62F;&#x629; :</subfield>
    <subfield code="b">&#x62C;&#x627;&#x645;&#x639;&#x629; &#x627;&#x644;&#x645;&#x644;&#x643; &#x639;&#x628;&#x62F; &#x627;&#x644;&#x639;&#x632;&#x64A;&#x632;&#x60C;</subfield>
    <subfield code="c">1977.</subfield>
  </datafield>
  <datafield tag="300" ind1=" " ind2=" ">
    <subfield code="a">236 &#x635;&#x641;&#x62D;&#x629; &#x61B;</subfield>
    <subfield code="c">27 &#xD7; 20 &#x633;&#x645;</subfield>
  </datafield>
  <datafield tag="336" ind1=" " ind2=" ">
    <subfield code="a">&#x646;&#x635;</subfield>
    <subfield code="b">txt</subfield>
    <subfield code="2">rdacontent</subfield>
    <subfield code="3">&#x643;&#x62A;&#x627;&#x628;</subfield>
  </datafield>
  <datafield tag="337" ind1=" " ind2=" ">
    <subfield code="a">&#x628;&#x62F;&#x648;&#x646; &#x648;&#x633;&#x64A;&#x637;</subfield>
    <subfield code="b">n</subfield>
    <subfield code="2">rdamedia</subfield>
  </datafield>
  <datafield tag="338" ind1=" " ind2=" ">
    <subfield code="a">&#x645;&#x62C;&#x644;&#x62F;</subfield>
    <subfield code="b">nc</subfield>
    <subfield code="2">rdacarrier</subfield>
  </datafield>
  <datafield tag="505" ind1="0" ind2=" ">
    <subfield code="a">&#x627;&#x644;&#x645;&#x62D;&#x62A;&#x648;&#x64A;&#x627;&#x62A; : &#x645;&#x62C;&#x644;&#x62F; 1-2. &#x627;&#x644;&#x642;&#x633;&#x645; &#x627;&#x644;&#x623;&#x648;&#x644; : 1373-1343 / 1953-1924.</subfield>
  </datafield>
  <datafield tag="520" ind1=" " ind2=" ">
    <subfield code="a">&#x646;&#x638;&#x631;&#x627; &#x644;&#x643;&#x648;&#x646; &#x635;&#x62D;&#x64A;&#x641;&#x629; &#x623;&#x645; &#x627;&#x644;&#x642;&#x631;&#x649; &#x623;&#x648;&#x644; &#x635;&#x62D;&#x64A;&#x641;&#x629; &#x631;&#x633;&#x645;&#x64A;&#x629; &#x635;&#x62F;&#x631;&#x62A; &#x641;&#x64A; &#x639;&#x647;&#x62F; &#x627;&#x644;&#x645;&#x644;&#x643; &#x639;&#x628;&#x62F; &#x627;&#x644;&#x639;&#x632;&#x64A;&#x632; &#x628;&#x639;&#x62F; &#x62F;&#x62E;&#x648;&#x644;&#x647; &#x627;&#x644;&#x62D;&#x62C;&#x627;&#x632; &#x639;&#x627;&#x645; 1343&#x647;&#x640;&#x60C; &#x641;&#x642;&#x62F; &#x62D;&#x638;&#x64A;&#x62A; &#x628;&#x646;&#x634;&#x631; &#x627;&#x644;&#x643;&#x62B;&#x64A;&#x631; &#x645;&#x646; &#x627;&#x644;&#x645;&#x639;&#x644;&#x648;&#x645;&#x627;&#x62A; &#x648;&#x627;&#x644;&#x625;&#x64A;&#x636;&#x627;&#x62D;&#x627;&#x62A; &#x644;&#x639;&#x62F;&#x62F; &#x645;&#x646; &#x627;&#x644;&#x623;&#x62D;&#x62F;&#x627;&#x62B; &#x627;&#x644;&#x62A;&#x627;&#x631;&#x64A;&#x62E;&#x64A;&#x629; &#x627;&#x644;&#x645;&#x647;&#x645;&#x629; &#x645;&#x627; &#x646;&#x62A;&#x62C; &#x639;&#x646;&#x647;&#x627; &#x645;&#x646; &#x62A;&#x641;&#x627;&#x639;&#x644;&#x627;&#x62A; &#x62D;&#x631;&#x635; &#x627;&#x644;&#x645;&#x644;&#x643; &#x639;&#x628;&#x62F; &#x627;&#x644;&#x639;&#x632;&#x64A;&#x632; -&#x631;&#x62D;&#x645;&#x647; &#x627;&#x644;&#x644;&#x647;- &#x639;&#x644;&#x649; &#x625;&#x628;&#x631;&#x627;&#x632;&#x647;&#x627; &#x648;&#x62A;&#x628;&#x64A;&#x627;&#x646; &#x627;&#x644;&#x62D;&#x642;&#x627;&#x626;&#x642; &#x628;&#x634;&#x623;&#x646;&#x647;&#x627; &#x644;&#x643;&#x627;&#x641;&#x629; &#x627;&#x644;&#x642;&#x631;&#x627;&#x621; &#x62F;&#x627;&#x62E;&#x644; &#x627;&#x644;&#x645;&#x645;&#x644;&#x643;&#x629; &#x648;&#x62E;&#x627;&#x631;&#x62C;&#x647;&#x627;&#x60C; &#x648;&#x644;&#x623;&#x647;&#x645;&#x64A;&#x629; &#x645;&#x627; &#x646;&#x634;&#x631; &#x641;&#x64A; &#x647;&#x630;&#x647; &#x627;&#x644;&#x635;&#x62D;&#x64A;&#x641;&#x629; &#x641;&#x64A; &#x641;&#x62A;&#x631;&#x62A;&#x647;&#x627; &#x627;&#x644;&#x645;&#x628;&#x643;&#x631;&#x629; &#x641;&#x642;&#x62F; &#x627;&#x636;&#x637;&#x631; &#x627;&#x644;&#x628;&#x627;&#x62D;&#x62B; &#x625;&#x644;&#x649; &#x627;&#x644;&#x631;&#x62C;&#x648;&#x639; &#x625;&#x644;&#x649; &#x623;&#x639;&#x62F;&#x627;&#x62F;&#x647;&#x627; &#x627;&#x644;&#x635;&#x62D;&#x641;&#x64A;&#x629; &#x627;&#x644;&#x645;&#x62D;&#x641;&#x648;&#x638;&#x629; &#x628;&#x648;&#x627;&#x633;&#x637;&#x629; &#x627;&#x644;&#x645;&#x64A;&#x643;&#x648;&#x641;&#x64A;&#x644;&#x645; &#x645;&#x645;&#x627; &#x623;&#x62F;&#x649; &#x625;&#x644;&#x649; &#x645;&#x639;&#x627;&#x646;&#x627;&#x62A;&#x647; &#x644;&#x639;&#x62F;&#x645; &#x648;&#x636;&#x648;&#x62D; &#x628;&#x639;&#x636; &#x627;&#x644;&#x623;&#x639;&#x62F;&#x627;&#x62F; &#x646;&#x62A;&#x64A;&#x62C;&#x629; &#x633;&#x648;&#x621; &#x62A;&#x635;&#x648;&#x64A;&#x631;&#x647;&#x627;. &#x644;&#x630;&#x644;&#x643; &#x642;&#x627;&#x645;&#x62A; &#x627;&#x644;&#x62F;&#x627;&#x631;&#x629; &#x628;&#x62A;&#x62E;&#x637;&#x64A;&#x637; &#x648;&#x625;&#x646;&#x62C;&#x627;&#x632; &#x645;&#x634;&#x631;&#x648;&#x639; &#x62A;&#x643;&#x634;&#x64A;&#x641; &#x623;&#x639;&#x62F;&#x627;&#x62F;&#x647;&#x627; &#x643;&#x627;&#x641;&#x629; &#x628;&#x648;&#x635;&#x641;&#x647;&#x627; &#x645;&#x635;&#x62F;&#x631;&#x627; &#x62A;&#x627;&#x631;&#x64A;&#x62E;&#x64A;&#x627; &#x645;&#x647;&#x645;&#x627;.  &#x648;&#x64A;&#x645;&#x62B;&#x644; &#x647;&#x630;&#x627; &#x627;&#x644;&#x643;&#x634;&#x627;&#x641; &#x646;&#x62A;&#x627;&#x62C; &#x627;&#x644;&#x645;&#x631;&#x62D;&#x644;&#x629; &#x627;&#x644;&#x648;&#x644;&#x649; &#x627;&#x644;&#x62A;&#x64A; &#x62A;&#x63A;&#x637;&#x649; &#x627;&#x644;&#x641;&#x62A;&#x631;&#x629; &#x627;&#x644;&#x645;&#x645;&#x62A;&#x62F;&#x629; &#x645;&#x646; &#x628;&#x62F;&#x627;&#x64A;&#x629; &#x635;&#x62F;&#x648;&#x631; &#x627;&#x644;&#x635;&#x62D;&#x64A;&#x641;&#x629;  &#x641;&#x64A; &#x639;&#x627;&#x645; 1343 &#x647;&#x640; &#x648;&#x62D;&#x62A;&#x649; &#x646;&#x647;&#x627;&#x64A;&#x629; &#x639;&#x647;&#x62F; &#x627;&#x644;&#x645;&#x644;&#x643; &#x639;&#x628;&#x62F; &#x627;&#x644;&#x639;&#x632;&#x64A;&#x632;.</subfield>
  </datafield>
  <datafield tag="630" ind1="2" ind2="7">
    <subfield code="a">&#x635;&#x62D;&#x64A;&#x641;&#x629; &#x623;&#x645; &#x627;&#x644;&#x642;&#x631;&#x649;</subfield>
    <subfield code="v">&#x643;&#x634;&#x627;&#x641;&#x627;&#x62A;&#x200F;</subfield>
    <subfield code="2">aucut</subfield>
  </datafield>
  <datafield tag="650" ind1=" " ind2="7">
    <subfield code="a">&#x627;&#x644;&#x62F;&#x648;&#x631;&#x64A;&#x627;&#x62A; &#x627;&#x644;&#x639;&#x631;&#x628;&#x64A;&#x629;</subfield>
    <subfield code="z">&#x627;&#x644;&#x633;&#x639;&#x648;&#x62F;&#x64A;&#x629;</subfield>
    <subfield code="v">&#x643;&#x634;&#x627;&#x641;&#x627;&#x62A;</subfield>
    <subfield code="2">aucsh</subfield>
  </datafield>
  <datafield tag="651" ind1=" " ind2="7">
    <subfield code="a">&#x627;&#x644;&#x633;&#x639;&#x648;&#x62F;&#x64A;&#x629;</subfield>
    <subfield code="v">&#x635;&#x62D;&#x641;</subfield>
    <subfield code="v">&#x643;&#x634;&#x627;&#x641;&#x627;&#x62A;</subfield>
    <subfield code="2">aucsh</subfield>
  </datafield>
  <datafield tag="700" ind1=" " ind2=" ">
    <subfield code="a">&#x628;&#x62F;&#x631;&#x627;&#x646; &#x60C; &#x62D;&#x633;&#x64A;&#x646;</subfield>
    <subfield code="e">&#x627;&#x639;&#x62F;&#x627;&#x62F;</subfield>
  </datafield>
  <datafield tag="700" ind1=" " ind2=" ">
    <subfield code="a">&#x637;&#x627;&#x634;&#x643;&#x646;&#x62F;&#x64A;&#x60C; &#x639;&#x628;&#x627;&#x633;&#x60C;</subfield>
    <subfield code="e">&#x627;&#x639;&#x62F;&#x627;&#x62F;</subfield>
  </datafield>
  <datafield tag="730" ind1="2" ind2="0">
    <subfield code="a">&#x635;&#x62D;&#x64A;&#x641;&#x629; &#x623;&#x645; &#x627;&#x644;&#x642;&#x631;&#x649;</subfield>
  </datafield>
  <datafield tag="942" ind1=" " ind2=" ">
    <subfield code="2">ddc</subfield>
    <subfield code="c">BOOK</subfield>
    <subfield code="n">0</subfield>
  </datafield>
  <datafield tag="949" ind1=" " ind2=" ">
    <subfield code="a">SA-JeALM</subfield>
    <subfield code="d">250708</subfield>
    <subfield code="u">mohamedma123</subfield>
    <subfield code="n">1</subfield>
  </datafield>
  <datafield tag="952" ind1=" " ind2=" ">
    <subfield code="0">0</subfield>
    <subfield code="1">0</subfield>
    <subfield code="2">ddc</subfield>
    <subfield code="4">0</subfield>
    <subfield code="7">0</subfield>
    <subfield code="a">WAHAB</subfield>
    <subfield code="b">WAHAB</subfield>
    <subfield code="d">2025-12-22</subfield>
    <subfield code="l">0</subfield>
    <subfield code="o">051.09531016  &#x62C; &#x627; &#x645;</subfield>
    <subfield code="p">000021852</subfield>
    <subfield code="r">2025-12-22 12:12:56</subfield>
    <subfield code="w">2025-12-22</subfield>
    <subfield code="y">BOOK</subfield>
  </datafield>
  <datafield tag="999" ind1=" " ind2=" ">
    <subfield code="c">13625</subfield>
    <subfield code="d">13625</subfield>
  </datafield>
</record>
